000 00303nam a22001457a 4500
008 221020b ||||| |||| 00| 0 eng d
020 _a6416071
041 _aeng
080 _a575
082 _a575ROB
100 _a13
101 _aCHEM
245 _aORGANIC CHEMISTRY
_cROBERTS
942 _2udc
_cBK
999 _c58631
_d58631